[Event "Miedzynarodowy Memorial Ireny Warakomskiej (Turniej Blitza)"]
[Site "Suwalki"]
[Date "2017-08-16"]
[Round "7.2"]
[White "Stoma, Pawel "]
[Black "Bogdanov, Ignat"]
[Result "1-0"]
[WhiteTitle ""]
[BlackTitle ""]
[WhiteElo "2341"]
[BlackElo "2092"]

1. d4 d5 2. Bf4 Nf6 3. c3 c6 4. Nf3 Bf5 5. e3 e6 6. Be2 Bd6 7. Bxd6 Qxd6 8. Nh4
Bxb1 9. Rxb1 O-O 10. O-O Nbd7 11. b4 b6 12. c4 dxc4 13. Bxc4 Nd5 14. Qd2 Qe7 15.
Nf3 Rfc8 16. e4 N5f6 17. Rfe1 Rd8 18. Ba6 Nb8 19. Bc4 Nbd7 20. Qf4 a5 21. b5 cxb5
22. Bxb5 Nf8 23. Bc6 Rab8 24. Qe3 N6d7 25. Rb2 Qd6 26. d5 exd5 27. Bxd5 Ng6 28.
Ng5 Rf8 29. Rc1 Qf6 30. Rd2 Nc5 31. Nf3 Ne5 32. Nd4 Ng4 33. Qg3 Ne5 34. Nf5 Ng6
35. h4 Qe5 36. Qg4 Qf4 37. Ne7+ Kh8 38. Nxg6+ fxg6 39. Qxf4 Rxf4 40. g3 Rff8 41.
Rcd1 h6 42. f4 b5 43. Rc1 Nd7 44. Rc6 Nf6 45. e5 Nxd5 46. Rxd5 b4 47. Rxa5 b3
48. axb3 Rxb3 49. Kg2 Rd8 50. Rxg6 h5 51. Rg5 Rd2+ 52. Kh3 g6 53. Rxg6 Rb1 54.
Rh6+ Kg7 55. Rxh5 Rb3 56. Rg5+ Kf7 57. Kg4 Rdd3 58. Kf5 1-0

[Event "Miedzynarodowy Memorial Ireny Warakomskiej (Turniej Blitza)"]
[Site "Suwalki"]
[Date "2017-08-16"]
[Round "7.3"]
[White "Kulon, Klaudia "]
[Black "Cukrowski, Filip "]
[Result "1/2-1/2"]
[WhiteTitle ""]
[BlackTitle ""]
[WhiteElo "2331"]
[BlackElo "2180"]

1. c4 Nf6 2. g3 g6 3. Bg2 Bg7 4. Nc3 O-O 5. e3 c6 6. Nge2 d5 7. cxd5 cxd5 8. O-O
Nc6 9. d4 Bf5 10. h3 Qd7 11. Kh2 Rad8 12. Bd2 e5 13. Rc1 exd4 14. exd4 Ne4 15.
Be3 h5 16. Nf4 Nxc3 17. bxc3 Be4 18. Bxe4 dxe4 19. Re1 h4 20. Qb3 hxg3+ 21. fxg3
Na5 22. Qb4 Nc6 23. Qa3 a6 24. Re2 Ne7 25. Bf2 f5 26. Qb3+ Nd5 27. Nxg6 Rf6 28.
Ne5 Qe6 29. Qxb7 Rh6 30. h4 Bxe5 31. dxe5 Qxe5 32. Bd4 Qc7 33. Rb1 Rxh4+ 34. Kg2
Qxb7 35. Rxb7 Rh7 36. Reb2 e3 37. Kf3 Rxb7 38. Rxb7 Re8 39. Ke2 f4 40. Rg7+ Kf8
41. Rh7 fxg3 42. Rh4 Kf7 43. Rg4 Rg8 44. Rxg8 Kxg8 45. Kf3 Kf7 46. Kxg3 Ke6 47.
Kf3 Kd6 48. c4 Nb4 49. a4 Nc2 50. Bxe3 Na3 51. c5+ Kc6 52. Ke4 Nc2 53. Bg1 Nb4
54. Kd4 Nd5 55. Kc4 a5 56. Bf2 Nf4 57. Be1 Ne6 58. Bf2 Nf4 59. Bg1 Ne6 60. Be3
Nc7 61. Bf4 Ne6 62. Bd6 Ng5 63. Be7 Ne4 64. Bf8 Nd2+ 65. Kd3 Nb3 66. Kc4 Nd2+
67. Kc3 Ne4+ 68. Kd4 Nf2 69. Be7 Nd1 70. Kc4 Nb2+ 71. Kb3 Nd3 72. Kc4 Nb2+ 1/2-1/2

[Event "Miedzynarodowy Memorial Ireny Warakomskiej (Turniej Blitza)"]
[Site "Suwalki"]
[Date "2017-08-16"]
[Round "7.4"]
[White "Bednarek, Sylwester"]
[Black "Sliwicki, Damian "]
[Result "0-1"]
[WhiteTitle ""]
[BlackTitle ""]
[WhiteElo "2283"]
[BlackElo "2175"]

1. d4 Nf6 2. Bg5 Ne4 3. Bh4 d5 4. f3 Nd6 5. Nc3 c6 6. e4 dxe4 7. fxe4 Qa5 8. Qd2
g6 9. Nf3 Bg7 10. O-O-O Bg4 11. Kb1 Nd7 12. h3 Bxf3 13. gxf3 Qh5 14. Qf2 g5 15.
Bg3 O-O-O 16. Be2 Qg6 17. d5 c5 18. e5 Bxe5 19. Bxe5 Nxe5 20. Qxc5+ Kb8 21. Qd4
Qf5 22. h4 f6 23. Rdf1 Qf4 24. Ne4 f5 25. Bd3 Nxd3 26. cxd3 fxe4 27. fxe4 Qd2
28. e5 Nb5 29. Qc4 a6 30. hxg5 Rc8 31. Qb3 Nd4 32. Qa3 Qxg5 33. d6 Qxe5 34. d7
Rcd8 35. Re1 Qd6 36. Rxe7 Qxa3 37. bxa3 Nc6 38. Rexh7 Rxh7 39. Rxh7 Kc7 40. Kc2
Rxd7 41. Rh6 Rg7 42. Kc3 Rg2 43. Kb3 Nd4+ 44. Kc3 Nb5+ 45. Kb3 Rd2 46. Rh3 Kb6
47. a4 Nc7 48. Rh5 Ne6 49. a5+ Kc6 50. Rh3 Nc5+ 51. Kc4 Rc2+ 52. Kb4 Nd7 53. Rh6+
Kc7 54. a4 Rc6 55. Rh7 Rd6 56. Kc4 Kc6 57. d4 Rg6 58. Rh4 Rg5 59. Kb4 Rd5 60.
Rg4 Nf6 61. Rf4 Rd6 62. Kc4 Nd5 63. Rf8 Ne3+ 64. Kd3 Nd5 65. Kc4 Ne3+ 66. Kd3
Nd5 67. Kc4 Nc7 68. Rc8 Rh6 69. Rg8 Nd5 70. Rc8+ Kd7 71. Rb8 Kc7 72. Rg8 Ne3+
73. Kd3 Nf5 74. Rg5 Nd6 75. Rc5+ Kd7 76. Rd5 Rh3+ 77. Kc2 Ra3 78. Kb2 Rxa4 79.
Kb3 Ra1 80. Rh5 Rc1 81. Rg5 Kc6 82. Rh5 Rg1 83. Re5 Rg3+ 84. Kb4 Rd3 85. Rc5+
Kd7 86. Rd5 Rd1 87. Kb3 Rb1+ 88. Ka4 Rb5 89. Rc5 Rxc5 90. dxc5 Ne4 91. Kb4 Kc6
0-1

[Event "Miedzynarodowy Memorial Ireny Warakomskiej (Turniej Blitza)"]
[Site "Suwalki"]
[Date "2017-08-16"]
[Round "7.5"]
[White "Zochowski, Kacper"]
[Black "Okrucinski, Tadeusz"]
[Result "0-1"]
[WhiteTitle ""]
[BlackTitle ""]
[WhiteElo "2263"]
[BlackElo "2149"]

1. c4 Nf6 2. g3 c5 3. Bg2 d5 4. cxd5 Nxd5 5. Nc3 Nc7 6. d3 e5 7. Nf3 Nc6 8. O-O
Be7 9. Be3 O-O 10. Rc1 Qd7 11. a3 b6 12. Nd2 Bb7 13. Qb3 Ne6 14. Nf3 Ned4 15.
Bxd4 exd4 16. Ne4 Na5 17. Qc2 Bd5 18. Ned2 Qb7 19. Rb1 Rac8 20. Qd1 Rfe8 21. b3
Bf8 22. Nc4 Nc6 23. Nh4 Bxg2 24. Nxg2 Re6 25. a4 Rce8 26. Nf4 Rh6 27. e4 dxe3
28. fxe3 Ne5 29. Nxe5 Rxe5 30. Qf3 Qd7 31. Rbd1 Rd6 32. Rf2 Re8 33. Rfd2 Rd8 34.
d4 cxd4 35. Rxd4 Rxd4 36. Rxd4 Qc8 37. Rxd8 Qxd8 38. Qd5 Qc7 39. Kf2 h6 40. Ne2
Bc5 41. Qa8+ Kh7 42. Qe4+ g6 43. Qf3 Kg8 44. Qa8+ Kg7 45. Qf3 Qe7 46. Nd4 Qe5
47. Qg4 h5 48. Qd7 h4 49. Ke2 hxg3 50. hxg3 Bxd4 51. Qxd4 Qxd4 52. exd4 Kf6 53.
Ke3 Ke6 54. Ke4 Kd6 55. g4 f6 56. b4 f5+ 57. gxf5 gxf5+ 58. Kxf5 Kd5 59. a5 b5
60. a6 Kxd4 61. Ke6 Kc4 62. Kd6 Kxb4 63. Kc6 Ka5 64. Kb7 b4 65. Kxa7 b3 66. Ka8
b2 67. a7 b1=Q 0-1

[Event "Miedzynarodowy Memorial Ireny Warakomskiej (Turniej Blitza)"]
[Site "Suwalki"]
[Date "2017-08-16"]
[Round "7.6"]
[White "Jaroch, Karol"]
[Black "Golek, Jagoda"]
[Result "1-0"]
[WhiteTitle ""]
[BlackTitle ""]
[WhiteElo "2250"]
[BlackElo "2151"]

1. e4 d6 2. d4 Nf6 3. Nc3 c6 4. f3 Qc7 5. Be3 e5 6. Nge2 Be7 7. Qd2 b5 8. g4 b4
9. Nd1 a5 10. Nf2 Ba6 11. Ng3 g6 12. h4 Nbd7 13. h5 Bxf1 14. Kxf1 exd4 15. Bxd4
c5 16. Be3 Ne5 17. Qe2 Qd7 18. hxg6 fxg6 19. Rd1 Kf7 20. Bxc5 Qe6 21. Bd4 Rac8
22. g5 Nfd7 23. f4 Nc4 24. f5 gxf5 25. Rh6 Qxh6 26. gxh6 Rhg8 27. Nxf5 Nde5 28.
b3 Na3 29. Bxe5 Rxc2 30. Qh5+ Ke6 31. Nd4+ Kd7 32. Qf5+ Kc7 33. Nxc2 Nxc2 34.
Rc1 Rf8 35. Rxc2+ Kb7 36. Qd7+ 1-0

[Event "Miedzynarodowy Memorial Ireny Warakomskiej (Turniej Blitza)"]
[Site "Suwalki"]
[Date "2017-08-16"]
[Round "7.7"]
[White "Paszewski, Mateusz "]
[Black "Krzywda, Andrzej "]
[Result "1-0"]
[WhiteTitle ""]
[BlackTitle ""]
[WhiteElo "2233"]
[BlackElo "2047"]

1. c4 Nf6 2. g3 e6 3. Bg2 d5 4. Nf3 dxc4 5. O-O Nbd7 6. Qc2 a6 7. Na3 Bxa3 8. bxa3
Nb6 9. a4 a5 10. Ba3 Nfd5 11. Bc5 Bd7 12. e4 Bxa4 13. Qb2 c3 14. dxc3 Ne7 15.
Qa3 Qd7 16. Ne5 Qb5 17. Rab1 Nc4 18. Nxc4 Qxc4 19. Bxe7 Bc6 20. Rfd1 f6 21. Rd4
Qe2 22. Bf1 Qf3 23. Bg2 Qe2 24. Qc5 Kf7 25. Bf1 Qf3 26. Re1 Rhe8 27. Bg2 Qg4 28.
h3 Qg6 29. e5 Rxe7 30. Rg4 Qf5 31. Rxg7+ Kxg7 32. Qxe7+ Kg6 33. exf6 Qxf6 34.
Rxe6 Qxe6 35. Qxe6+ Kg7 36. Qe7+ Kg6 37. Qe6+ Kg7 38. Bxc6 bxc6 39. Qxc6 Rd8 40.
Qxc7+ 1-0

[Event "Miedzynarodowy Memorial Ireny Warakomskiej (Turniej Blitza)"]
[Site "Suwalki"]
[Date "2017-08-16"]
[Round "7.8"]
[White "Chinguun, Sumiya "]
[Black "Suliborski, Jakub"]
[Result "0-1"]
[WhiteTitle ""]
[BlackTitle ""]
[WhiteElo "2139"]
[BlackElo "2222"]

1. e4 c5 2. Nf3 d6 3. d4 cxd4 4. Nxd4 e5 5. Bb5+ Bd7 6. Bxd7+ Qxd7 7. Nf5 Nf6 8.
Nc3 Nxe4 9. Nxg7+ Bxg7 10. Nxe4 d5 11. Nc5 Qc6 12. Nd3 O-O 13. O-O Nd7 14. Nb4
Qg6 15. Qxd5 Nf6 16. Qxe5 Rae8 17. Qg3 Qe4 18. Nd3 Nh5 19. Qe3 Qc6 20. Qg5 Qxc2
21. Qxh5 Qxd3 22. Bh6 Re6 23. Bxg7 Kxg7 24. Rad1 Qe4 25. Qh3 Rg6 26. Qc3+ Kg8
27. f3 Qe6 28. Kh1 Qxa2 29. Rd7 Qa6 30. Re1 Qb6 31. Rde7 Qb5 32. Re8 Rxe8 33.
Rxe8+ Qxe8 34. h3 Rc6 35. Qd2 Re6 36. Qg5+ Kh8 37. f4 Qe7 38. Qf5 Qf6 39. Qg4
a5 40. Qf3 Qxb2 41. Qd3 Qc1+ 42. Kh2 Qxf4+ 43. g3 Qf2+ 0-1

[Event "Miedzynarodowy Memorial Ireny Warakomskiej (Turniej Blitza)"]
[Site "Suwalki"]
[Date "2017-08-16"]
[Round "7.9"]
[White "Jakubowska, Anna "]
[Black "Paprocki, Jaroslaw "]
[Result "1/2-1/2"]
[WhiteTitle ""]
[BlackTitle ""]
[WhiteElo "2186"]
[BlackElo "2101"]

1. e4 e5 2. Nc3 Nc6 3. g3 Nf6 4. Bg2 Bc5 5. d3 h6 6. Nge2 d6 7. Na4 O-O 8. Nxc5
dxc5 9. Be3 Nd4 10. h3 Ne6 11. g4 Nh7 12. Ng3 b6 13. Nf5 Nf4 14. Qf3 g6 15. Nxh6+
Kg7 16. Bxf4 exf4 17. Qxf4 Qg5 18. Nf5+ gxf5 19. Qxc7 Ba6 20. Qe5+ Nf6 21. Qxf5
Qxf5 22. gxf5 Rae8 23. Kd2 Nh5 24. Bf3 Kh6 25. a3 Nf6 26. b4 c4 27. a4 cxd3 28.
b5 Nxe4+ 29. Bxe4 Rxe4 30. bxa6 dxc2 31. Kxc2 Re2+ 32. Kd3 Rxf2 33. Rhf1 Rh2 34.
Rf3 Rd8+ 35. Ke3 Rdd2 36. Rc1 f6 37. Rc4 Rhe2+ 38. Kf4 Ra2 39. Kg4 Rg2+ 40. Kh4
Rg5 41. Rg4 Rh5+ 42. Kg3 Rg5 43. Rff4 Ra3+ 44. Kg2 Rxg4+ 45. Rxg4 Kh5 46. Rg6
Rxa4 47. Rxf6 Rxa6 48. Rg6 Ra5 49. Rg7 Rxf5 50. Rxa7 Rg5+ 51. Kf3 Rf5+ 52. Ke4
Rb5 53. Rh7+ Kg6 54. Rh8 Kg7 55. Rb8 Rb3 56. h4 1/2-1/2

[Event "Miedzynarodowy Memorial Ireny Warakomskiej (Turniej Blitza)"]
[Site "Suwalki"]
[Date "2017-08-16"]
[Round "7.10"]
[White "Kaczmarek, Arkadiusz "]
[Black "Wozniak, Mariola "]
[Result "0-1"]
[WhiteTitle ""]
[BlackTitle ""]
[WhiteElo "2185"]
[BlackElo "2045"]

1. d4 f5 2. c4 Nf6 3. Nc3 g6 4. Nf3 Bg7 5. g3 O-O 6. Bg2 d6 7. O-O Nc6 8. d5 Na5
9. Qa4 c5 10. dxc6 Nxc6 11. Rd1 Bd7 12. c5 dxc5 13. Qc4+ Kh8 14. Ng5 Qe8 15. Qxc5
h6 16. Nf3 Rc8 17. e4 Nxe4 18. Nxe4 fxe4 19. Nh4 Nd4 20. Qxa7 Ne2+ 21. Kh1 Nxc1
22. Rxd7 Qxd7 23. Nxg6+ Kg8 24. Bxe4 Qd1+ 25. Kg2 Bd4 26. Nxe7+ Kg7 27. Nf5+ Rxf5
28. Bxf5 Bxa7 0-1

[Event "Miedzynarodowy Memorial Ireny Warakomskiej (Turniej Blitza)"]
[Site "Suwalki"]
[Date "2017-08-16"]
[Round "7.11"]
[White "Smolka, Marcin "]
[Black "Ocytko, Andrzej"]
[Result "0-1"]
[WhiteTitle ""]
[BlackTitle ""]
[WhiteElo "2161"]
[BlackElo "2113"]

1. e4 e5 2. Nf3 Nc6 3. Bc4 Bc5 4. c3 Nf6 5. d3 d6 6. Nbd2 a6 7. Bb3 O-O 8. h3 Ba7
9. Nf1 Ne7 10. Ng3 Ng6 11. O-O Re8 12. Kh1 c6 13. Ng5 Be6 14. Nxe6 fxe6 15. d4
Kh8 16. Bc2 exd4 17. cxd4 e5 18. Be3 Qc7 19. f4 exf4 20. Bxf4 Nxf4 21. Rxf4 c5
22. d5 Nd7 23. Rf7 Rf8 24. Qf3 Qd8 25. Rxf8+ Qxf8 26. Nf5 Ne5 27. Qg3 g6 28. Ne3
c4 29. Rf1 Qg7 30. Ng4 Bd4 31. b3 cxb3 32. Bxb3 Rf8 33. Nxe5 Rxf1+ 34. Kh2 Bxe5
0-1

[Event "Miedzynarodowy Memorial Ireny Warakomskiej (Turniej Blitza)"]
[Site "Suwalki"]
[Date "2017-08-16"]
[Round "7.12"]
[White "Litner, Igor "]
[Black "Kyrychenko, Maryan "]
[Result "0-1"]
[WhiteTitle ""]
[BlackTitle ""]
[WhiteElo "1719"]
[BlackElo "2060"]

1. d4 Nf6 2. c4 e6 3. Nf3 Bb4+ 4. Bd2 c5 5. Bxb4 cxb4 6. g3 b6 7. Bg2 Bb7 8. O-O
O-O 9. Nbd2 d6 10. Qc2 Nbd7 11. e4 e5 12. d5 a5 13. a3 bxa3 14. Rxa3 Qc7 15. b3
b5 16. Rfa1 b4 17. R3a2 Nc5 18. Ne1 Nfd7 19. Nd3 Rfb8 20. Nxc5 Nxc5 21. f4 f6
22. fxe5 fxe5 23. Nf3 a4 24. Nd2 Bc8 25. h3 Qe7 26. Rb2 a3 27. Rbb1 Qg5 28. Kh2
Bd7 29. Nf3 Qe3 30. Re1 Qxb3 31. Qf2 Qxc4 32. Rac1 Nd3 33. Rxc4 Nxf2 34. Rc2 Nd3
35. Re3 Nc5 36. Rc1 b3 37. Nxe5 0-1

[Event "Miedzynarodowy Memorial Ireny Warakomskiej (Turniej Blitza)"]
[Site "Suwalki"]
[Date "2017-08-16"]
[Round "7.13"]
[White "Zgadzaj, Rafal "]
[Black "Volkov, Aleksandr"]
[Result "1-0"]
[WhiteTitle ""]
[BlackTitle ""]
[WhiteElo "2040"]
[BlackElo "1544"]

1. Nf3 Nc6 2. d4 d5 3. g3 Nf6 4. Bg2 e6 5. O-O h6 6. b3 Be7 7. Bb2 g5 8. Nbd2 Ng4
9. h3 Nf6 10. c4 Bd7 11. Ne5 Nxe5 12. dxe5 Ne4 13. Nxe4 dxe4 14. Bxe4 Qc8 15.
Qc2 Rf8 16. Rad1 f5 17. exf6 Bxf6 18. Bg6+ Ke7 19. Ba3+ c5 20. Qd3 Bd4 21. e3
Bg7 22. Bxc5+ Qxc5 23. Qxd7+ Kf6 24. Bc2 Rad8 25. Qxb7 Rxd1 26. Rxd1 Bh8 27. Rd7
g4 28. hxg4 Kg5 29. Qe4 1-0

[Event "Miedzynarodowy Memorial Ireny Warakomskiej (Turniej Blitza)"]
[Site "Suwalki"]
[Date "2017-08-16"]
[Round "7.15"]
[White "Zianowicz, Dominik "]
[Black "Janiszewski, Maciej"]
[Result "0-1"]
[WhiteTitle ""]
[BlackTitle ""]
[WhiteElo "1851"]
[BlackElo "1968"]

1. d4 d6 2. c4 c6 3. Nf3 Nd7 4. Nc3 h6 5. Bf4 g5 6. Bg3 Bg7 7. e3 Nf8 8. h3 f5
9. Bd3 Nf6 10. e4 f4 11. Bh2 Qb6 12. Qc2 Ne6 13. Ne2 c5 14. e5 Nd7 15. Bg6+ Kd8
16. d5 Nd4 17. Nexd4 cxd4 18. exd6 exd6 19. O-O-O Ne5 20. Nxd4 Bd7 21. Bf5 Nxc4
22. Bxd7 Bxd4 23. Rxd4 Qxd4 24. Bb5 Rc8 25. Rd1 Nd2 26. Qxc8+ Kxc8 27. Rxd2 Qb4
28. Be2 Kb8 29. Rc2 Qe1+ 30. Bd1 Rc8 31. Rxc8+ Kxc8 32. h4 Qh1 0-1

[Event "Miedzynarodowy Memorial Ireny Warakomskiej (Turniej Blitza)"]
[Site "Suwalki"]
[Date "2017-08-16"]
[Round "7.16"]
[White "Mykhaylyak, Wiktoria "]
[Black "Murawko, Katarzyna "]
[Result "0-1"]
[WhiteTitle ""]
[BlackTitle ""]
[WhiteElo "1420"]
[BlackElo "1963"]

1. d4 c5 2. d5 d6 3. Nc3 g6 4. e4 Bg7 5. Nf3 a6 6. a4 Nf6 7. Bd3 O-O 8. Be3 e5
9. h3 Ne8 10. g4 h6 11. Qd2 Kh7 12. Ke2 Bd7 13. Rag1 Qc8 14. g5 h5 15. Nh4 c4
16. f4 cxd3+ 17. cxd3 exf4 18. Bxf4 b5 19. Rc1 Qd8 20. d4 Qe7 21. Qe3 b4 22. Nd1
Bxa4 23. Nf2 Nd7 24. Nd3 Bb5 25. Kd2 Rb8 26. Rhf1 Nb6 27. b3 a5 28. Qf3 Bxd4 29.
Qg3 Bc3+ 30. Kc2 Qxe4 31. Rcd1 Nxd5 32. Qf3 Qxf3 33. Rxf3 Nxf4 34. Rxf4 Rc8 35.
Kb1 d5 36. Nf3 Nd6 37. h4 Ne4 38. Nfe1 Rc7 39. Nc2 Rfc8 40. Rf3 Bg7 41. Ne3 Nc3+
42. Kc2 Nxd1+ 43. Kxd1 Bxd3 44. Ke1 Rc1+ 45. Kf2 Be4 46. Rh3 Bd4 47. Ke2 R8c2+
48. Nxc2 Rxc2+ 49. Kd1 Bc3 50. Re3 Rb2 51. Kc1 Rb1# 0-1

[Event "Miedzynarodowy Memorial Ireny Warakomskiej (Turniej Blitza)"]
[Site "Suwalki"]
[Date "2017-08-16"]
[Round "7.17"]
[White "Matuszczyk, Mateusz"]
[Black "Grabowski, Adam"]
[Result "1-0"]
[WhiteTitle ""]
[BlackTitle ""]
[WhiteElo "1666"]
[BlackElo "1951"]

1. e4 c6 2. d4 d5 3. e5 Bf5 4. Nc3 Nd7 5. g4 Bg6 6. Nge2 e6 7. h4 h6 8. Nf4 Bh7
9. Bg2 c5 10. dxc5 Bxc5 11. Nh5 g6 12. Ng3 Qb6 13. O-O O-O-O 14. Na4 Qc7 15. Nxc5
Nxc5 16. Be3 Ne7 17. c3 Nc6 18. Bxc5 1-0

[Event "Miedzynarodowy Memorial Ireny Warakomskiej (Turniej Blitza)"]
[Site "Suwalki"]
[Date "2017-08-16"]
[Round "7.18"]
[White "Kaniak, Justyna"]
[Black "Medvedyk, Volodymyr"]
[Result "1-0"]
[WhiteTitle ""]
[BlackTitle ""]
[WhiteElo "1901"]
[BlackElo "1950"]

1. e4 c5 2. Ne2 d6 3. g3 Nc6 4. Bg2 g6 5. Nbc3 Bg7 6. O-O e6 7. d3 Nge7 8. f4 O-O
9. h3 Rb8 10. g4 b5 11. Ng3 Nd4 12. Nce2 d5 13. c3 Nxe2+ 14. Qxe2 Qc7 15. Rf3
c4 16. Be3 cxd3 17. Qxd3 dxe4 18. Nxe4 Rd8 19. Qe2 Bb7 20. Bxa7 Ra8 21. Bf2 Nd5
22. Bg3 Qb6+ 23. Kh2 Rac8 24. Rd3 Qc7 25. Rf1 Ne7 26. f5 Be5 27. f6 Bxg3+ 28.
Rxg3 Nd5 29. Qd2 Bc6 30. Qh6 Nxf6 31. Nxf6+ 1-0

[Event "Miedzynarodowy Memorial Ireny Warakomskiej (Turniej Blitza)"]
[Site "Suwalki"]
[Date "2017-08-16"]
[Round "7.19"]
[White "Karlov, Egor "]
[Black "Zaika, Daniil"]
[Result "1-0"]
[WhiteTitle ""]
[BlackTitle ""]
[WhiteElo "1538"]
[BlackElo "1941"]

1. d4 d5 2. c4 e6 3. Nc3 c5 4. e3 Nf6 5. cxd5 exd5 6. dxc5 Bxc5 7. Bb5+ Nc6 8.
Nf3 O-O 9. O-O a6 10. Bd3 b5 11. a3 Bb7 12. b4 Ba7 13. Bb2 Rc8 14. Rc1 Qd6 15.
Ne2 Bb8 16. Ned4 Ne5 17. Rxc8 Rxc8 18. Qe2 Nc4 19. Nf5 Qf8 20. Bxf6 gxf6 21. N3d4
Ne5 22. Qh5 Ng6 23. Nh6+ Kh8 24. Ng4 Qd6 25. Nf5 Qe6 26. Qh6 Rg8 27. h3 Ne5 28.
Ne7 1-0

[Event "Miedzynarodowy Memorial Ireny Warakomskiej (Turniej Blitza)"]
[Site "Suwalki"]
[Date "2017-08-16"]
[Round "7.22"]
[White "Semczuk, Jerzy "]
[Black "Murawko, Julia "]
[Result "1-0"]
[WhiteTitle ""]
[BlackTitle ""]
[WhiteElo "1872"]
[BlackElo "1732"]

1. e4 d5 2. exd5 Qxd5 3. Nc3 Qa5 4. d4 c6 5. Nf3 Nf6 6. Be2 Bf5 7. O-O e6 8. Bf4
Be7 9. Ne5 O-O 10. g4 Bg6 11. h4 h6 12. Nxg6 fxg6 13. Qd3 Nd5 14. Be5 Nd7 15.
Qxg6 Nxe5 16. dxe5 Nf4 17. Qe4 Bxh4 18. Bc4 Nd5 19. Bxd5 cxd5 20. Qd4 Bg5 21.
f4 Be7 22. Kg2 Bc5 23. Qd3 Qc7 24. Ne2 Qc6 25. Kg3 Rac8 26. c3 Bb6 27. Rad1 Qc4
28. Qxc4 Rxc4 29. Rd3 Rfc8 30. f5 exf5 31. gxf5 Bc7 32. Re3 Re4 33. Rxe4 dxe4
34. Kf4 Re8 35. Kxe4 Rxe5+ 36. Kd3 Bb6 37. Nd4 Bxd4 38. cxd4 Rd5 39. Ke4 Rd7 40.
Rc1 Kf7 41. Ke5 h5 42. d5 g6 43. fxg6+ Kxg6 44. Rg1+ Kf7 45. d6 b6 46. Rg5 h4
47. Rh5 h3 48. Rxh3 Ke8 49. Rh8+ Kf7 50. Rh7+ Ke8 51. Rxd7 Kxd7 52. Kd5 a6 53.
Ke5 a5 54. Kd5 a4 55. a3 b5 56. Kc5 Kc8 57. Kxb5 1-0

[Event "Miedzynarodowy Memorial Ireny Warakomskiej (Turniej Blitza)"]
[Site "Suwalki"]
[Date "2017-08-16"]
[Round "7.25"]
[White "Tarnowska, Aleksandra"]
[Black "Tylenda, Krzysztof "]
[Result "0-1"]
[WhiteTitle ""]
[BlackTitle ""]
[WhiteElo "1774"]
[BlackElo "1688"]

1. e4 c5 2. Nc3 Nc6 3. f4 g6 4. Nf3 Bg7 5. g3 e6 6. Bg2 Nge7 7. O-O O-O 8. d3 d5
9. Kh1 b6 10. h3 Bb7 11. Qe1 dxe4 12. Nxe4 Nf5 13. g4 Nfd4 14. Qf2 Nxf3 15. Bxf3
Nd4 16. Bg2 Qc7 17. Be3 Nc6 18. Rab1 Ne7 19. Qh4 Nd5 20. Bd2 Qe7 21. g5 f5 22.
gxf6 Bxf6 23. Nxf6+ Rxf6 24. Kh2 Qf7 25. Rbe1 Re8 26. c4 Nb4 27. Bc3 Bxg2 28.
Kxg2 Rf5 29. Re5 Nxd3 30. Rxf5 exf5 31. Qg3 Nb4 32. Re1 Rxe1 33. Qxe1 Nd3 34.
Qe3 Qb7+ 35. Kg3 Qe4 36. Qxe4 fxe4 37. Bd2 Nxb2 38. Kf2 Nxc4 39. Ke2 Nxd2 0-1

[Event "Miedzynarodowy Memorial Ireny Warakomskiej (Turniej Blitza)"]
[Site "Suwalki"]
[Date "2017-08-16"]
[Round "8.1"]
[White "Bilguun, Sumiya"]
[Black "Paszewski, Mateusz "]
[Result "1-0"]
[WhiteTitle ""]
[BlackTitle ""]
[WhiteElo "2527"]
[BlackElo "2233"]

1. e4 c5 2. Nf3 g6 3. c3 Bg7 4. d4 cxd4 5. cxd4 d5 6. exd5 Nf6 7. Nc3 O-O 8. Bc4
Nbd7 9. O-O Nb6 10. Bb3 Nbxd5 11. h3 b6 12. Re1 Bb7 13. Ne5 Rc8 14. Bd2 e6 15.
Rc1 Qd6 16. Bg5 Nxc3 17. bxc3 Ne4 18. Bf4 Nxc3 19. Nxg6 Nxd1 20. Bxd6 Rxc1 21.
Nxf8 Bxf8 22. Bf4 Rc8 23. Rxd1 Bg7 24. d5 exd5 25. Bxd5 Bxd5 26. Rxd5 a5 27. Be3
Rb8 28. Rb5 Rc8 29. Rxb6 Bc3 30. Rb5 Bb4 31. Bh6 f6 32. Rb7 Bf8 33. Bxf8 Kxf8
34. Rxh7 Rc1+ 35. Kh2 Rc2 36. Kg3 Rxa2 37. Ra7 a4 38. h4 a3 39. f3 Ra1 40. Kg4
a2 41. h5 Kg8 42. Kf5 Kh8 43. Kg6 1-0

[Event "Miedzynarodowy Memorial Ireny Warakomskiej (Turniej Blitza)"]
[Site "Suwalki"]
[Date "2017-08-16"]
[Round "8.2"]
[White "Jaroch, Karol"]
[Black "Stoma, Pawel "]
[Result "0-1"]
[WhiteTitle ""]
[BlackTitle ""]
[WhiteElo "2250"]
[BlackElo "2341"]

1. e4 c6 2. d4 d5 3. e5 Bf5 4. g4 Bd7 5. Bg2 e6 6. Ne2 c5 7. c3 Nc6 8. O-O h5 9.
g5 Nge7 10. dxc5 Nf5 11. b4 Nxe5 12. Nd4 Nh4 13. Re1 Nxg2 14. Kxg2 Ng6 15. f4
Be7 16. Kh1 Qc7 17. Qf3 O-O-O 18. Na3 a6 19. Rb1 e5 20. fxe5 Nxe5 21. Qf4 f6 22.
b5 Bxc5 23. bxa6 bxa6 24. gxf6 gxf6 25. Qxf6 Bd6 26. Nf5 Bxf5 27. Qxf5+ Qd7 28.
Rxe5 Rdf8 29. Qxd7+ Kxd7 30. Rxd5 Rf2 31. Bf4 Rxf4 32. Rb6 Rh6 33. Rxa6 Rg6 34.
Rd1 Rf2 35. Raxd6+ Rxd6 36. Rxd6+ Kxd6 37. Nc4+ Kc5 38. Ne3 Rxa2 39. Nf5 Kd5 40.
h3 Ke5 41. Ng3 h4 42. Nh5 Ra7 0-1

[Event "Miedzynarodowy Memorial Ireny Warakomskiej (Turniej Blitza)"]
[Site "Suwalki"]
[Date "2017-08-16"]
[Round "8.3"]
[White "Okrucinski, Tadeusz"]
[Black "Kulon, Klaudia "]
[Result "0-1"]
[WhiteTitle ""]
[BlackTitle ""]
[WhiteElo "2149"]
[BlackElo "2331"]

1. d4 d5 2. c4 e6 3. Nf3 c6 4. g3 dxc4 5. Bg2 Nf6 6. O-O b5 7. a4 Bb7 8. Ne5 a6
9. axb5 axb5 10. Rxa8 Bxa8 11. b3 cxb3 12. Bg5 h6 13. Bxf6 gxf6 14. Nf3 Nd7 15.
Qxb3 Nb6 16. Nc3 Be7 17. Ra1 O-O 18. e3 Bb7 19. Ne1 Nd5 20. Ne4 f5 21. Nd2 Qb6
22. Nd3 Ra8 23. Rxa8+ Bxa8 24. Qa2 Bb7 25. Nb3 Nb4 26. Nxb4 Bxb4 27. e4 fxe4 28.
Bxe4 Bc3 29. Qe2 Bxd4 30. Bd3 Kf8 31. Qe4 Bxf2+ 32. Kf1 Qe3 33. Qxe3 Bxe3 34.
Na5 Ba8 35. Be4 b4 36. Ke2 Bg1 37. h3 Bh2 38. g4 Bc7 39. Nxc6 b3 40. Kd3 f5 41.
gxf5 exf5 42. Bf3 b2 43. Kc2 Bxc6 44. Bxc6 Be5 45. Bd7 f4 46. Bc6 Ke7 47. Be4
Kf6 48. Kd1 f3 49. Ke1 Bd4 50. Kf1 Ke5 51. Bh7 Kf4 52. Bg6 h5 53. Bh7 h4 54. Bg6
Ke3 55. Ke1 Bc3+ 56. Kf1 Bd4 57. Ke1 Bc5 58. Kf1 Kd2 0-1

[Event "Miedzynarodowy Memorial Ireny Warakomskiej (Turniej Blitza)"]
[Site "Suwalki"]
[Date "2017-08-16"]
[Round "8.4"]
[White "Bednarek, Sylwester"]
[Black "Semczuk, Jerzy "]
[Result "1-0"]
[WhiteTitle ""]
[BlackTitle ""]
[WhiteElo "2283"]
[BlackElo "1872"]

1. d4 Nf6 2. Bg5 e6 3. Nc3 Be7 4. Qd3 d5 5. O-O-O Nbd7 6. e4 dxe4 7. Nxe4 Nxe4
8. Bxe7 Qxe7 9. Qxe4 O-O 10. Bd3 Nf6 11. Qh4 c5 12. Bxh7+ Kh8 13. Bd3+ Kg8 14.
Nf3 g6 15. dxc5 a5 16. Rhe1 a4 17. Re5 a3 18. b3 Nd5 19. Qh6 Qf6 20. Ng5 Qg7 21.
Qxg7+ Kxg7 22. Bc4 Nc3 23. b4 Nxd1 24. Kxd1 Rd8+ 25. Ke2 Rd4 26. Re4 Rxe4+ 27.
Nxe4 Bd7 28. Nd6 Bc6 29. f3 Rh8 30. b5 Bd5 31. Bxd5 exd5 32. Nxb7 Kf6 33. c6 Ke7
34. b6 Rxh2 35. c7 Kd7 36. Nd6 Rh8 37. c8=Q+ Rxc8 38. Nxc8 Kxc8 39. Kd3 Kb7 40.
Kd4 Kxb6 41. Kxd5 Kb5 42. c4+ Kb4 43. c5 Kc3 44. c6 Kb2 45. c7 Kxa2 46. c8=Q 1-0

[Event "Miedzynarodowy Memorial Ireny Warakomskiej (Turniej Blitza)"]
[Site "Suwalki"]
[Date "2017-08-16"]
[Round "8.5"]
[White "Sliwicki, Damian "]
[Black "Lewtak, Damian "]
[Result "1-0"]
[WhiteTitle ""]
[BlackTitle ""]
[WhiteElo "2175"]
[BlackElo "2275"]

1. e4 c5 2. Nf3 Nf6 3. e5 Nd5 4. Nc3 Nxc3 5. bxc3 d6 6. Bb5+ Bd7 7. Bxd7+ Qxd7
8. O-O d5 9. e6 Qxe6 10. Re1 Qd7 11. Ne5 Qc7 12. c4 dxc4 13. Rb1 e6 14. Qg4 Be7
15. Qxg7 Rf8 16. Qxh7 Nc6 17. Nxc6 Qxc6 18. Qe4 Qxe4 19. Rxe4 b6 20. Rxc4 Kd7
21. d3 Kc6 22. a4 Bd6 23. Bf4 e5 24. Bd2 Rae8 25. Rh4 Re6 26. f3 a5 27. Rh6 Rxh6
28. Bxh6 f5 29. Be3 Re8 30. Kf2 e4 31. dxe4 fxe4 32. f4 c4 33. Rxb6+ Kc7 34. Ra6
Bb4 35. f5 Rf8 36. g4 Rh8 37. Kg2 Kb7 38. Rb6+ Kc7 39. Re6 Kb7 40. Rxe4 1-0